Statistiques concernant Indicatifs télephoniques de pays #1

Cliquez ici pour prendre le quiz!

Statistiques générales

  • Ce quiz a été pris 30 fois
  • Le résultat moyen est 6 sur 12

Statistiques - réponses

Indicatif téléphoniquePays% Correct
32Belgique
100%
49Allemagne
86%
34Espagne
76%
7Russie
66%
39Italie
59%
41Suisse
59%
351Portugal
55%
55Brésil
31%
90Turquie
31%
375Biélorussie
24%
381Serbie
21%
84Viêt Nam
17%

Distribution des résultats

Percentile par nombre de réponses

% des personnes avec chaque résultat

Votre développement - résultats

Vous n’avez pas pris ce quiz